| 000 | 00614nam a2200157 i 4500 | ||
|---|---|---|---|
| 001 | 56910 | ||
| 003 | ES-MaACL | ||
| 005 | 20230906163454.0 | ||
| 007 | t| | ||
| 008 | 031014s1904 sp ||||1| spa d | ||
| 110 | 2 |
_aInstituto Geográfico, Catastral y de Estadística (España) _95072 |
|
| 245 | 1 | 0 |
_aCenso escolar de España llevado a afecto el día 7 de marzo de 1903 / _cDirección General del Instituto Geográfico y Estadístico. |
| 260 |
_aMadrid : _b[s.n.], _c1904 ( _fImp. de la Dirección General del Instituto Geográfico y Estadístico) |
||
| 300 |
_aXIII, 499 p. ; _c27 cm. |
||
| 852 |
_aES-MaACL _jC-11979 |
||
| 999 |
_c56910 _d56910 |
||